000 00354nam a22000977a 4500
008 171204b xxu||||| |||| 00| 0 eng d
100 _aCommonwealth Specialist Research Group (N.S.W.)
245 _aA study of the 1/2 d. Kangaroo 1938-1956
260 _aSydney?
_bThe Commonwealth Specialists' and Stationary Collectors Club (Sydney)
_c1956?
650 _aKangaroo
999 _c2567
_d2567